Le Grand-Est sur une carte - Statistiques

Statistiques générales
  • Ce quiz a été pris 752 fois
  • Le résultat moyen est 35 sur 50
Réponses sur la Carte
Les réponses sont colorées sur une échelle allant du rouge au vert en fonction du pourcentage des utilisateurs qui les ont devinées à leur premier essai. Vous pouvez retrouver ces pourcentages ci-dessous.
 
Statistiques - réponses
Réponse % Correct
Ville 291 709 Strasbourg
97%
Massif Vosges
94%
Département Vosges
94%
pays Allemagne
92%
Ville 121 695 Metz
92%
Ville 104 387 Nancy
92%
pays Belgique
91%
pays Luxembourg
91%
Département Bas-Rhin
90%
Département Moselle
90%
pays Suisse
90%
Histoire Bataille de Verdun
89%
Département Haut-Rhin
89%
fleuve Rhin
89%
Département Meurthe-et-Moselle
87%
Ville 67 360 Colmar
85%
Personnalité Jeanne d'Arc
85%
Ville 104 924 Mulhouse
84%
Ville 178 478 Reims
84%
Département Ardennes
83%
Département Meuse
82%
Personnalité Charles de Gaulle
81%
Département Marne
81%
fleuve Seine
78%
région Bourgogne Franche-Comté
76%
Département Haute-Marne
76%
Gastronomie Choucroute
75%
région Ile-de-France
75%
Ville 62 443 Troyes
74%
région Hauts-de-France
73%
Gastronomie Mirabelle
73%
Département Aube
69%
Ville 45 634 Charleville-Mézières
69%
Gastronomie Champagne
67%
Ville 32 296 Epinal
66%
Personnalité Sébastien Loeb
61%
Personnalité Arthur Rimbaud
60%
Géographie Place Stanislas
60%
Ville 43 218 Châlons-en-Champagne
58%
Gastronomie Munster
58%
Ville 14 615 Bar-le-Duc
53%
Ville 21 418 Chaumont
51%
Ville 42 778 Thionville
50%
Géographie Château du Haut-Kœnigsbourg
42%
Attraction Zoo d'Amnéville
34%
Histoire Natzweiler-Struthof
31%
Attraction/Lac Lac de Gérardmer
28%
Géographie Château de Lunéville
25%
Lac Lac du Der-Chantecoq
25%
Géographie Pays de Bitche
9%
Aucun quiz correspondant
Distribution des résultats
% des personnes avec chaque résultat
Percentile par nombre de réponses
Votre historique - résultats
Vous n’avez pas pris ce quiz